00648nam a22001937a 4500020001800000082002500018100001400043245008900057260004200146300001000188650002800198650003200226650001400258650002600272650001500298942000700313999001900320952011500339 a9789355495167 aM 894.812 092bIND/N aIndumenon aNjanoru pavam guitaralle enthinanu neeyenne kattarakondu meettunnathu/cby Indumenon aKozhikode:bMathrubhumi books,c2022. a296p. aAutobiography Indumenon aBiography Malayalam Writers aBiography aLiterature Malayalam  aLiterature cBK c181922d181922 00104070aSSUSbSSUScSTACKSd2026-06-01g400.00l0oM 894.812 092 IND/Np109073r2026-06-01w2026-06-01yBK